000 00507nam a2200181Ia 4500
008 090123s9999 xx 000 0 und d
082 _b41721
100 _aठकार संजीव
245 _aअवस्वप्न
250 _a1
260 _bपुष्प प्रकाशन
_c2007
300 _a176
600 _aठकार संजीव
630 _aअवस्वप्न
700 _aठकार संजीव
730 _aअवस्वप्न
942 _cBOOK
999 _c79799
_d79799